=LDR 00000nam 2200000 4500 =001 INLIS000000000024913 =005 20201012070355 =035 ##$$a 0010-061300000024913 =008 201012################g##########0#ind## =041 ##$$a Ind =082 ##$$a 306.095 986 1 =090 ##$$a 306.095 986 1, Per p =245 ##$$a Perubahan nilai upacara tradisional pada masyarakat pendukungnya daerah Sulawesi Utara, /$c Rusli Manorek...[et.al] =260 ##$$a Jakarta :$b Teratai Emas,$c 1998 =300 ##$$a vii, 104 hlm. : $b ilus ; $c 15,5x23 cm =650 #4$$a Adat =650 #4$$a Sulawesi Utara =850 ##$$a NBPNMAT =084 ##$$a 306.095 986 1 PER p =700 #$$a Manorek, Rusli =990 ##$$a 137.856/Hd-98 =990 ##$$a 137.854/hd-98 =990 ##$$a 11271127 =990 ##$$a 137.855/hd-98 =990 ##$$a 137.856/Hd-98 =990 ##$$a 137.854/hd-98